| Tag |
First Indicator |
Second Indicator |
Subfields |
| LEADER |
00000cam a2200000Ia 4500 |
| 001 |
in00003449921 |
| 005 |
20151206102601.0 |
| 008 |
940210s1929 enka 000 0 eng d |
| 019 |
|
|
|a 43598893
|
| 035 |
|
|
|a (OCoLC)ocm29780223
|
| 035 |
|
|
|a (OCoLC)29780223
|z (OCoLC)43598893
|
| 040 |
|
|
|a COF
|b eng
|c COF
|d DLM
|d OCLCG
|d GBT
|d OCLCO
|d OCLCQ
|d ZCU
|d OCLCF
|d OCLCA
|d TXA
|d UtOrBLW
|
| 049 |
|
|
|a TXAM
|
| 050 |
|
4 |
|a PR6007.E3
|b S6
|
| 090 |
|
|
|a PR6007.E3
|b S56 1929b
|
| 100 |
1 |
|
|a De la Mare, Walter,
|d 1873-1956.
|
| 245 |
1 |
2 |
|a A snowdrop /
|c by Walter de la Mare ; drawings by Claudia Guercio.
|
| 264 |
|
1 |
|a London :
|b Faber & Faber,
|c [1929?]
|
| 264 |
|
3 |
|a Plaistow :
|b Curwen Press
|
| 300 |
|
|
|a 4 unnumbered pages :
|b illustrations ;
|c 19 cm.
|
| 336 |
|
|
|a text
|b txt
|2 rdacontent
|
| 337 |
|
|
|a unmediated
|b n
|2 rdamedia
|
| 338 |
|
|
|a volume
|b nc
|2 rdacarrier
|
| 490 |
1 |
|
|a Ariel poems ;
|v no. 20
|
| 500 |
|
|
|a Purchased for the Cushing Library/Lit./Mitchell Collection by The Cushing Library.
|
| 500 |
|
|
|a Cover title.
|
| 500 |
|
|
|a Wrappers in a dust jacket, attached at spine.
|
| 650 |
|
0 |
|a English poetry.
|
| 700 |
1 |
|
|a Guercio, Claudia.
|
| 710 |
2 |
|
|a Curwen Press.
|
| 830 |
|
0 |
|a Ariel poems ;
|v no. 20.
|
| 948 |
|
|
|a cataloged
|b h
|c 2014/7/29
|d c
|e junters
|f 5:37:51 pm
|
| 994 |
|
|
|a C0
|b TXA
|
| 999 |
|
|
|a MARS
|
| 999 |
f |
f |
|s 7c520389-c559-34de-b6fe-8beb1f202ace
|i aefcc12f-d189-3a68-aae7-9e8382c4db2f
|t 0
|
| 952 |
f |
f |
|p noncirc
|a Texas A&M University
|b College Station
|c Cushing Memorial Library & Archives
|d Cushing: Literature/Mitchell (Does not check out)
|t 0
|e PR6007.E3 S56 1929b
|h Library of Congress classification
|i unmediated -- volume
|
| 998 |
f |
f |
|a PR6007.E3 S56 1929b
|t 0
|l Cushing: Literature/Mitchell (Does not check out)
|